000 00694nam0a22002411 4500
001 rc\2962996
005 20250529235849.0
035 _a(NLR Aleph) 007109529
090 _a6753522
_c6753522
100 _a20110904d1938 |||y0rusy50 ca
101 0 _arus
102 _aRU
105 _ay z ||||y
200 1 _aМиниатюры
_aПьесы
210 _aЛенинград
_aМосква
_cИскусство
_d1938
_eЛенинград
215 _a72 с.
_d19 см
300 _aМикрофильм
700 1 _aЯлунер
_bЯ.И.
_f1908-
_gЯков Ионович
801 0 _aRU
_bNLR
_gpsbo
801 1 _aRU
_bELAR
_2rusmarc
852 _aNLR
_bМф
_jК1/2619
942 _cBOOK
980 _aNB